000 00563nam a2200217Ia 4500
003 OSt
005 20220928140801.0
006 a|||||r|||| 00| 0
007 ta
008 220927b |||||||| |||| 00| 0 eng d
024 _a11849
037 _cTextual
040 _aSDCL
_cSDCL
_beng
041 _2eng
_aeng
082 _aO-,3M882:g, K4
100 _aHoffmann Charles G
_9495239
245 0 _aJoyce Cary
_bThe comedy of freedom.
260 _c1964
942 _hO-,3M882:g, K4
_cTEXL
_2CC
999 _c814267
_d814267